00704nam a2200241 a 4500001001300000003000900013005001700022008004100039020002300080082001300103100002200116245002500138260003200163300000900195500003500204505003400239650002300273700002200296902000800318942000700326952011400333999001500447nice12345678IN_TiNIC20260116012752.0050524s1982 lona grp 000 0 eng  a0700735 c10000a297bISR aIsraeli, Raphaeli aCrescent in the East aLondonbCurzon Press c1982 a245p aincludes index and biblioraphy2 aBibliography, Appendex, Index aIslam-Meccan Trade1 aIsraeli, Raphaeli bSRS cBK 001040708StackRoom-aHMIbHMId2007-07-27g100.00l0o297 ISRp010557r2007-07-27v100.00w2005-05-24yBK c8300d8300